000 00310nam a2200121Ia 4500
008 191201s2014 xx 000 0 und d
100 _aPAHADIA, Jagannath
245 0 _aHashiye Se Mukhyadhara Tak
260 _aNew Delhi
_bS Chand and Co. Ltd.
_c2014
300 _a240
650 _aGeneral Books
942 _2ddc
_cBK
999 _c128
_d128